Ensayos de metodología sociológica en Weber /

Uloženo v:
Podrobná bibliografie
Hlavní autor: Torón España, José
Médium: Text
Témata:
Tagy: Přidat tag
Žádné tagy, Buďte první, kdo vytvoří štítek k tomuto záznamu!

MARC

LEADER 00000 a a2200000 04500
001 45363
003
040
090 |a REV0780 (10)1982  
100 |a Torón España, José  
245 |a Ensayos de metodología sociológica en Weber /  |c José Torón España  
650 |a SOCIOLOGIA  
650 |a CAPITALISMO  
650 |a ALEMANIA  
773 |g número10, III Epoca, (1982), páginas 1-11  
999 |c 21664  |d 21664